000
00272nam a2200109 a 4500
008
101209s1989|||| d
245
1
0
_a
Umenie v živote človeka
_b
Estetické minimum
260
_b
Smena
_a
Bratislava
_c
1989
020
_c
24
041
_a
slo
044
_a
xo
_c
SK
999
_c
14990
_d
14990